Statistics for Longest Rivers in Countries

Click here to take the quiz!

General Stats

  • This quiz has been taken 1,743 times
    (1,742 since last reset)
  • The average score is 12 of 20

Answer Stats

CountryLongest River% Correct
IndiaGanges
83%
RussiaVolga
82%
BulgariaDanube
81%
GermanyRhine
81%
ChinaYangtze
79%
United StatesMissouri
76%
LaosMekong
71%
NigeriaNiger
71%
PeruUcayali
70%
ItalyPo
68%
FranceLoire
67%
IraqEuphrates
65%
AustraliaMurray
65%
ZambiaZambezi
63%
PolandVistula
47%
CanadaMackenzie
45%
ArgentinaParana
42%
VenezuelaOrinoco
36%
SpainTagus
32%
NorwayGlomma
9%

Score Distribution

Percentile by Number Answered

Percent of People with Each Score

Your Score History

You have not taken this quiz since the last reset